00444nam a22001457a 450000500170000000800410001704100130005808200150007110000120008624500760009825000190017426000470019330000320024065000260027220231127061039.0231127b |||||||| |||| 00| 0 eng d aEnglish  a340.5 KEE  lEnglish aSelec Theses on the Laws of Holland and Zeeland cVan der LKeessel, DG  aFirst Edition  aCape Town : bJuta and Company Ltd, c1884 bxxxi, 374 pages ; c21 cm.  aLegal practice bLaw